000 00223nam a22000977a 4500
082 _a356.183 ROM'I
100 _aROMMAL, ERWIN
_977734
245 _aINFANTRY ATTACKS
260 _aVERLAG
_bPOTSDAMN LUDWING
_c1943
942 _cBK
999 _c582948
_d582948